| 000 | 01019nam a2200289 4500 | ||
|---|---|---|---|
| 001 | 27074 | ||
| 003 | BD-RjUL | ||
| 005 | 20211209051117.0 | ||
| 008 | 140324s1968 enk b 001 0 eng d | ||
| 020 | _a0198215371 | ||
| 035 |
_aCURL 980068100226(LCo) from flycat3 _a(BD-RjUL) 27145 |
||
| 040 |
_aBD-RjUL _beng _cBD-RjUL _dBD-RjUL |
||
| 041 | _aeng | ||
| 082 |
_a956.9 _bMAO 1968 |
||
| 100 | 1 |
_aMaʿoz, Moshe. _983150 |
|
| 245 | 1 | 0 |
_aOttoman reform in Syria and Palestine 1840-1861 : _bthe impact of the Tanzimat on politics and society / _cby Moshe Maʿoz |
| 260 |
_aOxford : _bClarendon Press, _c1968. |
||
| 300 |
_a[2], xi, 266 p : _b2 plates, 2 facsims., map ; _c23 cm |
||
| 504 | _aIncludes Bibliography: p. [249]-258 and index. | ||
| 650 |
_aPalestine _xHistory _983151 |
||
| 651 | 0 |
_aPalestine _xHistory _y1799-1917 _983152 |
|
| 651 | 0 |
_aSyria _xHistory _y1516-1918 _983153 |
|
| 651 | 0 |
_aTurkey _xHistory _yTanzimat, 1839-1876 _983154 |
|
| 942 |
_2ddc _cBK |
||
| 999 |
_c27074 _d27074 |
||